000
00245nam a2200109Ia 4500
008
190216s9999||||xx |||||||||||||| ||und||
100
_a
Gopinathan Nair T N
245
0
_a
Samam Samam
260
_b
Current Books
650
_a
Nadakam
942
_c
BK
999
_c
24042
_d
24042